Book of Instruction for Catechumens (Record no. 1604)

MARC details
000 -LEADER
fixed length control field 00542nam a2200229 a 4500
020 ## - INTERNATIONAL STANDARD BOOK NUMBER
ISBN
082 00 - DEWEY DECIMAL CLASSIFICATION NUMBER
Classification number 232.9
Author Cutter GAI
100 ## - MAIN ENTRY--AUTHOR NAME
Author name Gairdner, W H T
245 ## - TITLE STATEMENT
Title Book of Instruction for Catechumens
260 ## - PUBLICATION, DISTRIBUTION, ETC. (IMPRINT)
Place of publication London
Name of publisher Spck
Year of publication 1931
300 ## - PHYSICAL DESCRIPTION
Number of Pages 168p
500 ## - GENERAL NOTE
General note includes index and biblioraphy
505 2# - FORMATTED CONTENTS NOTE
Formatted contents note index
650 ## - SUBJECT ADDED ENTRY--TOPICAL TERM
Topical Term Jesus Christ-Biography
942 ## - ADDED ENTRY ELEMENTS (KOHA)
Koha item type Books
Holdings
Home library Current library Date acquired Cost, normal purchase price Full call number Accession Number Koha item type
Henry Martyn Institute Library Henry Martyn Institute Library 06/18/2007 100.00 232.9 GAI 1302 Archive Book
                   Copyright © 2026 | Henry Martyn Institute | Hyderabad | TS-500052 | INDIA | Implemented by hmi.edu.in
Hit-Count:

Powered by Koha